STATE of Osun development plan:: 2019-2028/ Ministry of Economic Planning Budget and Development.
Guardado en:
| Formato: | Libro |
|---|---|
| Lenguaje: | inglés |
| Publicado: |
Ministry of Economic Planning, Budget and Development,
2018
|
| Etiquetas: |
Agregar Etiqueta
Sin Etiquetas, Sea el primero en etiquetar este registro!
|
MARC
| LEADER | 00000nam a22000007a 4500 | ||
|---|---|---|---|
| 008 | 210817b ||||| |||| 00| 0 eng d | ||
| 245 | |a STATE of Osun development plan:: 2019-2028/ Ministry of Economic Planning Budget and Development. |g . xix, 157p: ill. | ||
| 260 | |b Ministry of Economic Planning, Budget and Development, |c 2018 |h Osogbo, Nigeria |i 685359 Soc. Sci. |i 685360 |l HJ86.2 .St1 |m 1. Budget – Nigeria – Osun State – Statistics. |m 2. Economic development project – Nigeria – Osun State – Statistics |m 3. Osun State (Nigeria)–Appropriations and expenditures – Statistics | ||
| 942 | |a lcc |c BK |e j. o. ifatola |f 17/ 08/ 2021 | ||
| 952 | |0 0 |1 0 |2 lcc |4 0 |6 HJ00862 S T1 |7 0 |9 3075 |a SSL |b HOL |c GJ |d 2021-08-17 |l 0 |o HJ86.2 .St1 |p 2021-66774 |r 2021-08-17 00:00:00 |w 2021-08-17 |y BK | ||
| 952 | |0 0 |1 0 |2 lcc |4 0 |6 HJ00862 S T1 |7 0 |9 3076 |a SSL |b HOL |c GJ |d 2021-08-17 |l 0 |o HJ86.2 .St1 |p 2021-66775 |r 2021-08-17 00:00:00 |w 2021-08-17 |y BK | ||
| 999 | |c 1558 |d 1558 | ||